বাংলাদেশের পণ্য বিপণন ব্যবস্থা / (Record no. 48612)
[ view plain ]
| 000 -LEADER | |
|---|---|
| fixed length control field | 01005nam a2200277 a 4500 |
| 001 - CONTROL NUMBER | |
| control field | 48612 |
| 003 - CONTROL NUMBER IDENTIFIER | |
| rucl marc code | BD-RjUL |
| 005 - DATE AND TIME OF LATEST TRANSACTION | |
| control field | 20211209054543.0 |
| 008 - FIXED-LENGTH DATA ELEMENTS--GENERAL INFORMATION | |
| fixed length control field | 160814s1983 bg ||||| |||| 001 0 ben d |
| 020 ## - INTERNATIONAL STANDARD BOOK NUMBER | |
| Terms of availability | : Tk. 36.00 |
| 035 ## - SYSTEM CONTROL NUMBER | |
| System control number | (BD-RjUL)48731 |
| 040 ## - CATALOGING SOURCE | |
| Original cataloging agency | BD-RjUL |
| Language of cataloging | ben |
| Transcribing agency | BD-RjUL |
| 041 ## - LANGUAGE CODE | |
| Language code of text/sound track or separate title | ben |
| 082 ## - DEWEY DECIMAL CLASSIFICATION NUMBER | |
| Edition number | 23 |
| Classification number | 658.8 |
| Author mark and year | FAB 1983 |
| 100 ## - MAIN ENTRY--PERSONAL NAME | |
| Personal name | ফারুক, আবদুল্লাহ্ |
| 9 (RLIN) | 117420 |
| 245 10 - TITLE STATEMENT | |
| Title | বাংলাদেশের পণ্য বিপণন ব্যবস্থা / |
| Statement of responsibility, etc. | আবদুল্লাহ্ ফারুক |
| 250 ## - EDITION STATEMENT | |
| Edition statement | ২য় সং. |
| 260 ## - PUBLICATION, DISTRIBUTION, ETC. (IMPRINT) | |
| Place of publication, distribution, etc. | ঢাকা : |
| Name of publisher, distributor, etc. | বাংলা একাডেমী, |
| Date of publication, distribution, etc. | ১৯৮৩ |
| 300 ## - PHYSICAL DESCRIPTION | |
| Pagination | [৮], ২৬২ পৃ. ; |
| Size | ১৯ সেমি |
| 490 ## - SERIES STATEMENT | |
| Series statement | বাএ ; |
| Volume/sequential designation | ১৩৭১ |
| 500 ## - GENERAL NOTE | |
| General note | নির্ঘণ্ট সংযুক্ত |
| 650 ## - SUBJECT ADDED ENTRY--TOPICAL TERM | |
| Topical term or geographic name as entry element | বাজারজাতকরন |
| 9 (RLIN) | 146799 |
| Topical term or geographic name as entry element | Marketing |
| 9 (RLIN) | 146831 |
| 830 ## - SERIES ADDED ENTRY--UNIFORM TITLE | |
| Uniform title | বাএ ; |
| Volume number/sequential designation | ১৩৭১ |
| 942 ## - ADDED ENTRY ELEMENTS (KOHA) | |
| Source of classification or shelving scheme | Dewey Decimal Classification |
| Koha item type | Books |
| Lost status | Source of classification or shelving scheme | Damaged status | Not for loan | Collection code | Permanent Location | Current Location | Shelving location | Date acquired | Source of acquisition | Cost, normal purchase price | Total Checkouts | Full call number | Date last seen | Copy number | Koha item type |
|---|---|---|---|---|---|---|---|---|---|---|---|---|---|---|---|
| Dewey Decimal Classification | Non-fiction | Central Library, University of Rajshahi | Central Library, University of Rajshahi | 02/09/1984 | Impirial books,Rajshahi | 36.00 | B 658.8 FAB 1983 | 14/08/2016 | C-2 | Books | |||||
| Dewey Decimal Classification | Non-fiction | Central Library, University of Rajshahi | Central Library, University of Rajshahi | 02/09/1984 | Impirial books,Rajshahi | 36.00 | B 658.8 FAB 1983 | 14/08/2016 | C-3 | Books | |||||
| Dewey Decimal Classification | Non-fiction | Central Library, University of Rajshahi | Central Library, University of Rajshahi | 02/09/1984 | Impirial books,Rajshahi | 36.00 | B 658.8 FAB 1983 | 14/08/2016 | C-4 | Books | |||||
| Dewey Decimal Classification | Non-fiction | Central Library, University of Rajshahi | Central Library, University of Rajshahi | 02/09/1984 | Impirial books,Rajshahi | 36.00 | B 658.8 FAB 1983 | 14/08/2016 | C-5 | Books | |||||
| Dewey Decimal Classification | Non-fiction | Central Library, University of Rajshahi | Central Library, University of Rajshahi | 03/01/1985 | Bangla Academy, Dhaka | 36.00 | B 658.8 FAB 1983 | 14/08/2016 | C-6 | Books | |||||
| Dewey Decimal Classification | Not For Loan | Non-fiction | Central Library, University of Rajshahi | Central Library, University of Rajshahi | Reading Room | 02/09/1984 | Imperial Books, Rajshahi | 36.00 | B 658.8 FAB 1983 | 02/03/2021 | C-1 | Books |